000 00247nam a2200109Ia 4500
008 190216s9999||||xx |||||||||||||| ||und||
100 _aHaming Way
245 2 _aA Moveable Feast
260 _bPenguin Books
650 _aEnglish Novel
942 _cBK
999 _c12692
_d12692